Ρατσισμός και προκαταλήψεις έναντι αλλόθρησκων στην Ευρώπη σύμφωνα με το άρθρο 9 της ΕυρΣΔΑ : πτυχιακή εργασία

Αποθηκεύτηκε σε:
Λεπτομέρειες βιβλιογραφικής εγγραφής
Κύριος συγγραφέας: Δαρδαμάνη, Ανδρομάχη
Συγγραφή απο Οργανισμό/Αρχή: Πανεπιστήμιο Αιγαίου Σχολή Κοινωνικών Επιστημών Τμήμα Κοινωνιολογίας
Μορφή: Thesis Βιβλίο
Γλώσσα:Greek
Δημοσίευση: 2013
Θέματα:
Διαθέσιμο Online:http://hdl.handle.net/11610/7785
Ετικέτες: Προσθήκη ετικέτας
Δεν υπάρχουν, Καταχωρήστε ετικέτα πρώτοι!

MARC

LEADER 00000cam a2200000 i 4500
001 1/54262
008 140829s2013 gre d
035 |l 10118813 
040 |a GR-MY-UA  |b gre  |e aacr 
041 0 |a gre 
082 0 |a 325.4  |2 (22) 
100 1 |a Δαρδαμάνη, Ανδρομάχη. 
245 1 0 |a Ρατσισμός και προκαταλήψεις έναντι αλλόθρησκων στην Ευρώπη σύμφωνα με το άρθρο 9 της ΕυρΣΔΑ :  |b πτυχιακή εργασία /  |c Δαρδαμάνη Ανδρομάχη ; επιβλέπων καθηγητής: Γρηγορίου Παναγιώτης 
260 |c 2013 
300 |a 91 σ.;  |c 30 εκ. 
500 |a Βιβλιογραφία: σ. 87-91 
502 # # |a Πτυχιακή εργασία – Πανεπιστήμιο Αιγαίου, Λέσβος, 2013. 
650 0 0 |a Racism  |z Europe. 
650 0 0 |a Race discrimination  |x Law and legislation  |z Europe. 
650 0 0 |a Religion and state  |z Europe. 
650 0 0 |a Xenophobia  |z Europe. 
650 0 0 |a Prejudices. 
650 0 0 |a Religion and law. 
650 0 0 |a Dissertations, Academic  |z Greece. 
651 0 |a Europe  |x Ethnic relations. 
700 1 |a Γρηγορίου, Παναγιώτης Γ.  |e dgs 
710 2 |a Πανεπιστήμιο Αιγαίου  |b Σχολή Κοινωνικών Επιστημών  |b Τμήμα Κοινωνιολογίας. 
852 |a INST  |b LESVOS  |c DIATR  |e 20140829  |h 477  |p 005100055406  |q 005100055406  |t DIE  |y 23 
852 |a INST  |b LESVOS  |c DIATR  |e 20140829  |h 478  |p 005100055407  |q 005100055407  |t DIE  |y 23 
856 |z http://hdl.handle.net/11610/7785  |u http://hdl.handle.net/11610/7785 
901 |a BIBL1-2014-2 
909 |a Λ  |b 190378 
909 |a Λ  |b 190377 
924 |a ΔΑΡΔΑΜΑΝΗ  |b ΑΝΔΡΟΜΑΧΗ  |y ΛΕΣΒΟΣ  |z 2013-08 
970 |a ΤΖΑΦΕΡΗ  |b ΕΥΑΓΓΕΛΙΑ  |z 2014/08/29